Harry Potter Spells A-Z - Statistics

General Stats
  • This quiz has been taken 610 times
    596 since last reset
  • The average score is 34 of 67
Answer Stats
Hint Answer % Correct
Summons objects Accio
97%
The killing curse Avada Kedavra
89%
Unlocking charm Alohomora
87%
Produces water Aguamenti
83%
Intense pain on the recipient of the curse Crucio
83%
Used to disarm an apponent Expelliarmus
80%
Creates a narrow beam of light that shines from the wand's tip Lumos
79%
Levitates and moves the target Wingardium Leviosa
76%
Extinguish the light of a wand Nox
75%
Used to repair objects Reparo
74%
Places the subject in a dream-like state, in which he or she is utterly subject to the will of the caster Imperio
73%
Stunning spell Stupefy
72%
Conjure a spirit-like incarnation of their positive emotions to defend against dark creatures Expecto Patronum
71%
The victim is dangled upside-down by their ankles Levicorpus
71%
A dark spell that creates large, blood-oozing gashes on the subject as if said subject had been "slashed by a sword" Sectumsempra
70%
Causes the target to swell in physical size Engorgio
69%
The Shield Charm causes minor to moderate jinxes, curses, and hexes to rebound upon the attacker Protego
66%
Used to hide a memory of a particular event Obliviate
64%
Used to temporarily bind the victim's body in a position much like that of a soldier at attention Petrificus Totalus
64%
Victim to become confused and befuddled Confundo
63%
Breaks objects or disintegrates when powerful Reducto
63%
Provokes a small explosion Bombarda
61%
Produces fire Incendio
58%
Caster is focusing on something humorous, with the desire that laughter will weaken the Boggart Riddikulus
58%
Heal relatively minor injuries, such as broken bones and cartilage Episkey
57%
The dark mark Morsmordre
56%
Mends glasses Oculus Reparo
54%
Rips, tears, shreds, or otherwise physically damages the target Diffindo
53%
Fills peoples' ears with an unidentifiable buzzing to keep them from hearing nearby conversations Muffliato
53%
Makes something quiet Silencio
52%
Conjures a snake Serpensortia
51%
Makes an object smaller Reducio
49%
Allows the caster to delve into the mind of the victim Legilimens
48%
Causes the caster's wand to act as a compass, and point North Point Me
44%
Causes an extreme tickling sensation Rictusempra
43%
Creates great spirits of fire which burn anything in its path Fiendfyre
41%
Magnifies the spell caster's voice when one's wand is pointing to the side of the caster's neck Sonorus
41%
Causes a vow to be taken and if they should break it, it is meet by death Unbreakable Vow
40%
Turns animals to water goblets Vera Verto
40%
Renders living targets immobile Immobulus
39%
A powerful shield charm against dark magic Protego Maxima
39%
Anything that the spell comes into contact with to explode Confringo
38%
Creates an identical copy of the target Geminio
38%
Spell used to animate statues and suits of armour to do the caster's bidding Piertotum Locomotor
38%
Lifts caster high into the air Ascendio
37%
Decrease the velocity of a moving target/s Aresto Momentum
36%
Reveals human presence in the vicinity of the caster Homenum Revelio
35%
A spell used to make the subject release what ever it is holding or binding Relashio
35%
Locks doors and other objects that can be locked Colloportus
34%
Target to move downwards Descendo
34%
Used to blast away Acromantulas Arania Exumai
33%
The spell causes the named object to rise in the air and move around at the will of the caster Locomotor
33%
Revives a stunned person Rennervate
33%
Strengthen enchantments from intruders Salvio Hexia
31%
Enlarges the target's bogies, gives them wings and sets on target Bat-Bogey Hex
30%
Ties someone or something up with ropes Incarcerous
30%
A shield charm over a small area that will not let anything pass through Protego Totalum
30%
Keeps Muggles away from wizarding places by causing them to remember important meetings or things to do Repello Muggletum
30%
Causes victims teeth to grow Densaugeo
29%
Causes wounds and gashes to heal up and any blood to return to the victim Vulnera Sanentur
29%
A spell that directs an object or individual to attack a victim Oppugno
28%
Creates red sparks/flares to shoot from the users wand Periculum
28%
Shoots target high in the sky Alarte Ascendare
25%
Opens chests and boxes Cistem Aperio
25%
Throws the victim backwards Everte Statum
24%
A defencive charm that strengthens shield spells Fianto Duri
24%
Repairs a Vanishing Cabinet Harmonia Nectere Passus
24%
No matching quizzes found
Score Distribution
Percent of People with Each Score
Percentile by Number Answered
Your Score History
You have not taken this quiz since the last reset